000 01391nam a22003617a 4500
003 CHAP
005 20220329134203.0
008 971013s1973 r 00010 d
010 _a16685
011 _a17657
035 _a21740
040 _cCHAP
082 _a517.355
_bH8Y
100 0 0 _aHsu, Hwei P.
_956557
245 _aAnálisis de Fourier
260 _aBogotá :
_bFondo Educativo Interamericano,
_c1973
300 _a274 p.
490 _aColección Fondo
_v; teoría y problemas con solución; 2945
590 _aBATCH-UPD
_b10
_c20130110
_lUCH01
_h2153
590 _aBATCH-UPD
_b10
_c20130410
_lUCH01
_h1501
590 _aBATCH-UPD
_b10
_c20130914
_lUCH01
_h1654
590 _aCONVERSION
_b10
_c20130109
_lUCH01
_h1310
650 1 4 _aSerie de Fourier.
_9104732
830 0 _aColección Fondo
_v; teoría y problemas con solución; 2945
_924863
901 _aBK
942 _cLIBRO
949 _a517.355 H8Y
_bBC
_cLIBRO
_d33724000141867
_eLIBRO
_fc.3
_h33866
_i21740
_si
949 _a517.355 H8Y
_bBC
_cLIBRO
_d33724000141875
_eLIBRO
_fc.2
_h32556
_i21740
_mD
_si
949 _a517.355 H8Y
_bBC
_cLIBRO
_d33724000141982
_eLIBRO
_fc.6
_h47042
_i21740
_si
949 _a517.355 H8Y
_bBC
_cLIBRO
_d33724000141990
_eLIBRO
_h32555
_i21740
_mD
_si
949 _a517.355 H8Y
_bBC
_cLIBRO
_d33724000142006
_eLIBRO
_fc.5
_h46467
_i21740
_si
949 _a517.355 H8Y
_bBC
_cLIBRO
_d33724000959334
_eLIBRO
_fc.4
_h46466
_i21740
_si
999 _c16685
_d16685